Unternehmen nach Land #2 - Statistiken

Allgemein
  • Dieses Quiz wurde 4.975 mal gespielt
    4.266 seit der letzten Aktualisierung
  • Das Durchschnittsergebnis liegt bei 11 aus 20
Antwortstatistiken
Unternehmen Land % Korrekt
Google Vereinigte Staaten
99%
Sony Japan
85%
Hyundai Südkorea
84%
Fiat Italien
82%
Heineken Niederlande
80%
Emirates Airline Vereinigte Arabische Emirate
80%
ThyssenKrupp Deutschland
72%
Airbus Frankreich
61%
Ryanair Irland
60%
Spotify Schweden
60%
Nestlé Schweiz
59%
Tesco Vereinigtes Königreich
43%
Telefonica Spanien
39%
Qantas Australien
38%
Lenovo China
35%
Tata Motors Indien
33%
BlackBerry Kanada
29%
Lukoil Russland
25%
Petrobras Brasilien
23%
HTC Taiwan
22%
Keine übereinstimmenden Quizze gefunden
Verteilung der Resultate
Anzahl Personen mit jedem Resultat
Perzentil nach korrekt beantworteten Fragen
Ihre Resultats-Entwicklung
Sie haben dieses Quiz seit der letzten Aktualisierung nicht gespielt